[Event "33rd Zalakaros Open 2014"]
[Site "Zalakaros HUN"]
[Date "2014.05.27"]
[Round "5.16"]
[White "Banusz, Tamas"]
[Black "Ekdyshman, Mikhail"]
[Result "1/2-1/2"]
[WhiteTitle "GM"]
[BlackTitle "IM"]
[WhiteElo "2609"]
[BlackElo "2351"]
[WhiteFideId "722413"]
[BlackFideId "4149416"]
[EventDate "2014.05.23"]
[EventType "swiss"]

1. c4 c5 2. Nf3 Nc6 3. d4 cxd4 4. Nxd4 g6 5. e4 Bg7 6. Be3 Nf6 7. Nc3 O-O 8. Be2
d6 9. O-O Bd7 10. Qd2 Nxd4 11. Bxd4 Bc6 12. f3 a5 13. b3 Nd7 14. Bf2 f5 15. exf5
gxf5 16. Rad1 Kh8 17. Nd5 Bxd5 18. Qxd5 Qc7 19. f4 Nc5 20. Bf3 Rad8 21. Rfe1 b6
22. Qc6 Qxc6 23. Bxc6 Rc8 24. Bd5 Rc7 25. Re3 e5 26. g3 e4 27. a3 Ra7 28. Bc6
Rc7 29. Bb5 Bb2 30. a4 Ba3 31. Re2 Nd3 32. Bd4+ Kg8 33. Bxb6 Bc5+ 34. Bxc5 dxc5
35. Re3 h5 36. Rexd3 exd3 37. Rxd3 Kg7 38. Kg2 Re7 39. Rd5 h4 40. Kf2 Kf6 41.
Bd7 hxg3+ 42. hxg3 Kg6 43. Kf3 Rh7 44. Bb5 Rc7 45. Rd6+ Rf6 46. Rd8 Re7 47. Rg8+
Kh7 48. Rd8 Rfe6 49. Rd3 Kg6 50. Bd7 Rb6 51. g4 Rxd7 52. Rxd7 Rxb3+ 53. Kg2 fxg4
54. Rd5 Rf3 55. Rg5+ Kf6 56. Rxg4 Rc3 57. Rg5 Rxc4 58. Kg3 Rxa4 59. Rxc5 Ra1 1/2-1/2

[Event "33rd Zalakaros Open 2014"]
[Site "Zalakaros HUN"]
[Date "2014.05.27"]
[Round "5.17"]
[White "Sean, Winshand Cuhendi"]
[Black "Hoang, Thanh Trang"]
[Result "1-0"]
[WhiteTitle "FM"]
[BlackTitle "GM"]
[WhiteElo "2385"]
[BlackElo "2509"]
[WhiteFideId "7101554"]
[BlackFideId "12400149"]
[EventDate "2014.05.23"]
[EventType "swiss"]

1. e4 e6 2. d4 d5 3. Nc3 Nf6 4. e5 Nfd7 5. f4 c5 6. Nf3 Nc6 7. Be3 Be7 8. Qd2
O-O 9. dxc5 Bxc5 10. O-O-O Qa5 11. a3 a6 12. Bxc5 Nxc5 13. Qe3 Qb6 14. Kb1 Qa7
15. Nd4 Nxd4 16. Qxd4 b5 17. h4 Bd7 18. h5 h6 19. g4 Rfb8 20. g5 a5 21. gxh6
gxh6 22. Rg1+ Kf8 23. f5 exf5 24. Qe3 Be6 25. Qxh6+ Ke8 26. Nxd5 Ne4 27. Bd3 Nf2
28. Bxb5+ Rxb5 29. Nc7+ 1-0

[Event "33rd Zalakaros Open 2014"]
[Site "Zalakaros HUN"]
[Date "2014.05.27"]
[Round "5.18"]
[White "Bagi, Mate"]
[Black "Berczes, David"]
[Result "1/2-1/2"]
[WhiteTitle "FM"]
[BlackTitle "GM"]
[WhiteElo "2378"]
[BlackElo "2482"]
[WhiteFideId "742570"]
[BlackFideId "722960"]
[EventDate "2014.05.23"]
[EventType "swiss"]

1. e4 c6 2. d4 d5 3. Nc3 dxe4 4. Nxe4 Bf5 5. Ng3 Bg6 6. h4 h6 7. Nf3 e6 8. Ne5
Bh7 9. Bd3 Bxd3 10. Qxd3 Nd7 11. Bf4 Nxe5 12. Bxe5 Qa5+ 13. c3 Nf6 14. Ne4 O-O-O
15. Nxf6 Qxe5+ 16. dxe5 Rxd3 17. Ke2 Rd8 18. Ne4 Rd5 19. f4 Be7 20. g3 f6 21.
exf6 gxf6 22. Rad1 Rg8 23. Kf3 Rgd8 24. Ke2 Kc7 25. Rhe1 a5 26. Nf2 f5 27. Rxd5
Rxd5 28. h5 a4 29. Rd1 Kd6 30. b3 Bf6 31. Rd3 Kc5 32. Re3 Kd6 33. Rd3 e5 34.
fxe5+ Bxe5 35. Rf3 axb3 36. axb3 Ke6 37. Nd3 Bd6 38. Nf4+ Bxf4 39. gxf4 Rb5 40.
c4 Ra5 41. Rg3 Ra2+ 42. Kd3 Kd6 43. Rg6+ Kc5 44. Kc3 Rf2 45. b4+ Kb6 46. Rxh6
Rxf4 47. Rf6 Rf1 48. h6 f4 49. h7 Rh1 50. Rf7 f3 51. Rxf3 1/2-1/2

[Event "33rd Zalakaros Open 2014"]
[Site "Zalakaros HUN"]
[Date "2014.05.27"]
[Round "5.19"]
[White "Radnai, Adam"]
[Black "Tolnai, Tibor"]
[Result "1-0"]
[WhiteTitle "FM"]
[BlackTitle "GM"]
[WhiteElo "2329"]
[BlackElo "2469"]
[WhiteFideId "726702"]
[BlackFideId "700126"]
[EventDate "2014.05.23"]
[EventType "swiss"]

1. e4 g6 2. d4 Bg7 3. Nc3 d6 4. f4 a6 5. a4 Nf6 6. Nf3 c5 7. d5 O-O 8. Bc4 e6 9.
dxe6 Bxe6 10. Bxe6 fxe6 11. e5 dxe5 12. Qxd8 Rxd8 13. fxe5 Ng4 14. Bg5 Rf8 15.
Ne4 Nc6 16. O-O-O h6 17. Bf6 Bxf6 18. exf6 Rac8 19. Rhe1 e5 20. Rd7 Nxf6 21.
Rxb7 Nd4 22. Nxf6+ Rxf6 23. Nxe5 Re8 24. Nd3 Rxe1+ 25. Nxe1 Rf2 26. Kd1 Nf5 27.
Rb3 h5 28. Rf3 Rxf3 29. gxf3 Kf7 30. Nd3 Ne3+ 31. Kd2 Nf1+ 32. Ke2 1-0

[Event "33rd Zalakaros Open 2014"]
[Site "Zalakaros HUN"]
[Date "2014.05.27"]
[Round "5.20"]
[White "Madl, Ildiko"]
[Black "Bokros, Albert"]
[Result "1/2-1/2"]
[WhiteTitle "IM"]
[BlackTitle "IM"]
[WhiteElo "2328"]
[BlackElo "2461"]
[WhiteFideId "700550"]
[BlackFideId "710458"]
[EventDate "2014.05.23"]
[EventType "swiss"]

1. e4 c5 2. Nf3 e6 3. d4 cxd4 4. Nxd4 Nf6 5. Nc3 d6 6. g4 h6 7. h3 Nc6 8. Be3 a6
9. Bg2 Bd7 10. f4 Qc7 11. Qe2 Be7 12. O-O-O Rc8 13. Kb1 b5 14. g5 hxg5 15. fxg5
Nh5 16. Nxc6 Bxc6 17. Qf2 b4 18. Ne2 Ba4 19. Nd4 e5 20. Nb3 Bd7 21. Bf3 Nf4 22.
h4 Nh5 23. Rc1 Qb7 24. Rhg1 g6 25. Qd2 Be6 26. c3 bxc3 27. Rxc3 O-O 28. Rgc1 f5
29. gxf6 Rxf6 30. Rxc8+ Bxc8 31. Bxh5 gxh5 32. Bg5 Rf8 33. Bxe7 Qxe7 34. Rg1+
Bg4 35. Qh6 Qf6 36. Qxh5 Qf1+ 37. Nc1 Qxg1 38. Qg6+ Kh8 1/2-1/2

[Event "33rd Zalakaros Open 2014"]
[Site "Zalakaros HUN"]
[Date "2014.05.27"]
[Round "5.21"]
[White "Havasi, Gergo"]
[Black "Seres, Lajos"]
[Result "1/2-1/2"]
[BlackTitle "GM"]
[WhiteElo "2302"]
[BlackElo "2435"]
[WhiteFideId "760293"]
[BlackFideId "701254"]
[EventDate "2014.05.23"]
[EventType "swiss"]

1. e4 c5 2. Nf3 e6 3. d4 cxd4 4. Nxd4 a6 5. c4 Nf6 6. Nc3 Qc7 7. Qd3 Nc6 8. Nxc6
dxc6 9. Be2 Bc5 10. Be3 Bxe3 11. Qxe3 e5 12. O-O O-O 13. Rac1 Bd7 14. Rfd1 Rad8
15. Rd3 Bc8 16. Rcd1 Be6 17. Qd2 Rxd3 18. Qxd3 h6 19. Qd6 Qxd6 20. Rxd6 Rb8 21.
f3 Kf8 22. Rd2 Ke7 23. Na4 Nd7 24. b3 b5 25. Nb2 b4 26. Na4 c5 27. Kf2 Rc8 28.
g3 Rc6 29. f4 f6 30. Ke3 Rd6 31. Rxd6 Kxd6 32. f5 Bf7 33. g4 Nb8 34. h4 Nc6 35.
h5 Nd4 36. Bd1 Be8 37. Nb2 Bc6 38. Nd3 Ba8 39. Nb2 Nc6 40. Nd3 Nd8 41. Nf2 Nf7
42. Bc2 Kc6 43. Bd1 Kb6 44. Bc2 Nd6 45. Bd3 a5 46. Bc2 a4 47. Nd1 Bb7 48. Nb2 a3
49. Nd1 Nf7 50. Nf2 Ba6 51. Kd3 Nd8 52. Nd1 Nc6 53. Ne3 Nd4 54. Bd1 Kc6 55. Nf1
Kd6 56. Nd2 Kc6 57. Ke3 1/2-1/2

[Event "33rd Zalakaros Open 2014"]
[Site "Zalakaros HUN"]
[Date "2014.05.27"]
[Round "5.22"]
[White "Balazs, Gabor2"]
[Black "Vegh, Endre"]
[Result "1/2-1/2"]
[BlackTitle "IM"]
[WhiteElo "2397"]
[BlackElo "2293"]
[WhiteFideId "731374"]
[BlackFideId "700568"]
[EventDate "2014.05.23"]
[EventType "swiss"]

1. d4 d5 2. c4 c6 3. Nc3 Nf6 4. e3 a6 5. Nf3 b5 6. b3 Bg4 7. Be2 Nbd7 8. O-O e6
9. Ne5 Bxe2 10. Nxe2 Nxe5 11. dxe5 Nd7 12. Bb2 Qb8 13. Qc2 Bc5 14. cxd5 cxd5 15.
e4 dxe4 16. Rad1 Qc7 17. Qxe4 O-O 18. Rd3 Rfd8 19. Rg3 Nf8 20. h4 Rac8 21. Qg4
g6 22. h5 Qb6 23. hxg6 fxg6 24. Rf3 Rd2 25. Qf4 Rxb2 26. Qf7+ Kh8 27. Qf6+ Kg8 1/2-1/2

[Event "33rd Zalakaros Open 2014"]
[Site "Zalakaros HUN"]
[Date "2014.05.27"]
[Round "5.23"]
[White "Szamoskozi, Gabor"]
[Black "Gledura, Benjamin"]
[Result "0-1"]
[WhiteTitle "FM"]
[BlackTitle "FM"]
[WhiteElo "2358"]
[BlackElo "2395"]
[WhiteFideId "719056"]
[BlackFideId "712779"]
[EventDate "2014.05.23"]
[EventType "swiss"]

1. e4 c6 2. Nc3 d5 3. Nf3 Nf6 4. e5 Ne4 5. d4 Qa5 6. Bd3 Bg4 7. Bxe4 dxe4 8. h3
exf3 9. hxg4 fxg2 10. Rg1 e6 11. Rxg2 Na6 12. Kf1 O-O-O 13. Be3 c5 14. Ne2 cxd4
15. Bxd4 Nb4 16. Qe1 Qa6 17. Kg1 Kb8 18. Qd2 Nc6 19. c3 h5 20. gxh5 Rxh5 21. Qe3
g6 22. f4 Be7 23. Ng3 Rh3 24. Rh2 Rxh2 25. Kxh2 Nxd4 26. cxd4 Qc4 27. Ne2 Qd5
28. Kg3 Rh8 29. Rg1 Bh4+ 30. Kg4 f5+ 31. exf6 Qh5+ 0-1

[Event "33rd Zalakaros Open 2014"]
[Site "Zalakaros HUN"]
[Date "2014.05.27"]
[Round "5.24"]
[White "Peczely, Sebastian Zsombor"]
[Black "Csonka, Balazs"]
[Result "1/2-1/2"]
[BlackTitle "FM"]
[WhiteElo "2200"]
[BlackElo "2361"]
[WhiteFideId "750964"]
[BlackFideId "742910"]
[EventDate "2014.05.23"]
[EventType "swiss"]

1. e4 c5 2. Nf3 d6 3. d4 cxd4 4. Nxd4 Nf6 5. Nc3 a6 6. Bg5 e6 7. f4 Nbd7 8. Qf3
Qc7 9. O-O-O b5 10. e5 Bb7 11. Qh3 dxe5 12. Nxe6 fxe6 13. Qxe6+ Be7 14. Bxf6
gxf6 15. Bxb5 axb5 16. Nxb5 Qb6 17. Nd6+ Kd8 18. Nxb7+ Qxb7 19. Rxd7+ Qxd7 20.
Rd1 Qxd1+ 21. Kxd1 exf4 22. c4 1/2-1/2

[Event "33rd Zalakaros Open 2014"]
[Site "Zalakaros HUN"]
[Date "2014.05.27"]
[Round "5.25"]
[White "Kozak, Adam"]
[Black "Antal, Tibor Kende"]
[Result "0-1"]
[BlackTitle "FM"]
[WhiteElo "2210"]
[BlackElo "2357"]
[WhiteFideId "753246"]
[BlackFideId "738581"]
[EventDate "2014.05.23"]
[EventType "swiss"]

1. d4 Nf6 2. c4 e6 3. Nc3 Bb4 4. Qc2 c5 5. dxc5 Na6 6. Nf3 Nxc5 7. a3 Bxc3+ 8.
Qxc3 O-O 9. e3 b6 10. Be2 Ba6 11. b4 Nce4 12. Qb3 d5 13. Bb2 Rc8 14. cxd5 Bxe2
15. Kxe2 Nxd5 16. Rhc1 Qd7 17. Kf1 Qb5+ 18. Kg1 Qe2 19. Rxc8 Qxf2+ 20. Kh1 Rxc8
21. Bd4 Rc2 22. Nh4 Re2 23. Qd1 Qxh4 0-1

[Event "33rd Zalakaros Open 2014"]
[Site "Zalakaros HUN"]
[Date "2014.05.27"]
[Round "5.26"]
[White "Erdos, Boglarka"]
[Black "To, Nhat Minh"]
[Result "0-1"]
[BlackTitle "IM"]
[WhiteElo "2185"]
[BlackElo "2329"]
[WhiteFideId "727458"]
[BlackFideId "729019"]
[EventDate "2014.05.23"]
[EventType "swiss"]

1. Nf3 d5 2. g3 g6 3. Bg2 Bg7 4. d4 Nf6 5. c4 c6 6. b3 O-O 7. Bb2 Bf5 8. O-O
Nbd7 9. Nc3 dxc4 10. bxc4 Nb6 11. c5 Nc4 12. Bc1 Nd5 13. Nxd5 cxd5 14. Bf4 Be4
15. Qb3 b6 16. cxb6 axb6 17. Ne5 Bxe5 18. dxe5 Ra3 19. Qb4 Bxg2 20. Kxg2 Qd7 21.
Rfd1 Ra4 22. Qb3 Qc6 23. Qf3 Ra5 24. Rd4 f6 25. Rc1 Rc5 26. Bh6 Nxe5 27. Rxc5
Nxf3 28. Rxc6 Nxd4 29. Rxb6 Ra8 30. Rb2 Kf7 31. Be3 Nc6 32. Bc5 Ra5 33. Rc2 Ne5
34. Bb4 Ra7 35. h3 f5 36. Rd2 Ke6 37. Bc5 Ra5 38. Bb4 Ra6 39. a3 Nc6 40. Bc5 Ra5
41. Rc2 Kd7 42. f4 Rb5 43. Rc3 Rb2 44. Kf2 e6 45. Kf3 Na5 46. Bb4 Nc4 47. Rd3
Kc6 48. g4 e5 49. Rc3 e4+ 50. Kf2 Kb5 51. gxf5 gxf5 52. Rc1 Rb3 53. Rd1 Kc6 54.
h4 Rh3 55. Be7 Rh2+ 56. Kg3 Rxe2 57. h5 e3 58. Kh4 Rg2 59. Kh3 Rd2 60. Re1 d4
61. Bb4 Rc2 62. Kg3 Kd5 63. Rd1 Ke4 0-1

[Event "33rd Zalakaros Open 2014"]
[Site "Zalakaros HUN"]
[Date "2014.05.27"]
[Round "5.27"]
[White "Maroroa, Sue"]
[Black "Gara, Anita"]
[Result "1/2-1/2"]
[WhiteTitle "WIM"]
[BlackTitle "IM"]
[WhiteElo "2131"]
[BlackElo "2326"]
[WhiteFideId "4301498"]
[BlackFideId "709751"]
[EventDate "2014.05.23"]
[EventType "swiss"]

1. e4 c5 2. Nc3 e6 3. f4 d5 4. d3 Nc6 5. Nf3 Nf6 6. Qe2 Be7 7. g3 d4 8. Nd1 Rb8
9. Bg2 O-O 10. O-O b5 11. a4 bxa4 12. Rxa4 Qb6 13. b3 Ba6 14. Nb2 Bb5 15. Ra1
Nd7 16. Nd2 Qc7 17. Rf2 Rbe8 18. Bh3 Kh8 19. Ndc4 f5 20. e5 Nb6 21. Bd2 Nb4 22.
Bxb4 cxb4 23. Nxb6 Qxb6 24. Bg2 g5 25. Kh1 gxf4 26. gxf4 Rg8 27. Bf3 Bh4 28. Rg2
Rxg2 29. Bxg2 Rg8 30. Bf3 Qc7 31. Rg1 Rxg1+ 32. Kxg1 Qc3 33. Nc4 Bxc4 34. dxc4
Be1 35. Bc6 Kg7 36. Bd7 Bd2 37. Bxe6 Qe3+ 38. Qxe3 Bxe3+ 39. Kg2 Bxf4 40. Bxf5
Bxe5 41. h3 h6 42. Kf3 Kf6 43. Ke4 Bg3 44. Bg4 Ke7 45. Kd5 a5 46. Kc6 Kd8 47.
Kb5 Kc7 48. Kxa5 Kc6 49. Kxb4 Be1+ 50. Ka3 Kc5 51. Kb2 Bd2 52. Ka3 1/2-1/2

[Event "33rd Zalakaros Open 2014"]
[Site "Zalakaros HUN"]
[Date "2014.05.27"]
[Round "5.28"]
[White "Goczo, Melinda"]
[Black "Terbe, Julianna"]
[Result "1-0"]
[WhiteTitle "WIM"]
[WhiteElo "2229"]
[BlackElo "2130"]
[WhiteFideId "711985"]
[BlackFideId "708780"]
[EventDate "2014.05.23"]
[EventType "swiss"]

1. Nf3 Nf6 2. c4 g6 3. g3 Bg7 4. Bg2 O-O 5. O-O d6 6. Nc3 Nc6 7. Rb1 e5 8. d3 a5
9. a3 h6 10. b4 axb4 11. axb4 Be6 12. b5 Ne7 13. Bb2 Nd7 14. Ra1 Rxa1 15. Qxa1
Nc5 16. Nd2 Qd7 17. Rb1 f5 18. Na4 Nxa4 19. Qxa4 c6 20. Ba3 c5 21. Qa7 e4 22.
dxe4 Bc3 23. Bc1 Nc8 24. Qa3 Bb4 25. Qd3 f4 26. e5 Kh7 27. Ne4 Qf7 28. Nf6+ Kg7
29. Bxf4 Bxc4 30. Qc2 d5 31. h4 Ne7 32. h5 Qe6 33. Rd1 d4 34. Bxb7 Bb3 35. Qc1
Rh8 36. Rd3 g5 37. Bxg5 Qxe5 38. Bxh6+ Kxf6 39. Rxb3 Qxh5 40. Qf4+ Nf5 41. g4
Qg6 42. Rg3 Bd2 43. gxf5 Qxh6 44. Qd6+ Kxf5 45. Rf3+ Kg5 46. Qe5+ Kh4 47. Qh2+
Kg5 48. Qg2+ 1-0

[Event "33rd Zalakaros Open 2014"]
[Site "Zalakaros HUN"]
[Date "2014.05.27"]
[Round "5.29"]
[White "Meszaros, Tamas"]
[Black "Papp, Petra"]
[Result "0-1"]
[WhiteTitle "IM"]
[BlackTitle "WGM"]
[WhiteElo "2438"]
[BlackElo "2292"]
[WhiteFideId "717410"]
[BlackFideId "739049"]
[EventDate "2014.05.23"]
[EventType "swiss"]

1. e4 c5 2. Nf3 d6 3. d4 cxd4 4. Nxd4 Nf6 5. Nc3 a6 6. Be2 e5 7. Nb3 Be7 8. O-O
O-O 9. a4 Nc6 10. Bg5 Be6 11. Bxf6 Bxf6 12. Nd5 Rc8 13. c3 Ne7 14. Nxf6+ gxf6
15. Bg4 f5 16. exf5 Nxf5 17. Nd2 Kh8 18. Qf3 Nh4 19. Qh3 Bxg4 20. Qxg4 Rg8 21.
Qh5 Nxg2 22. Kh1 Nf4 23. Qxf7 Qh4 24. Rg1 Nh3 25. Rg3 Rcf8 26. Qe6 Nxf2+ 27. Kg2
Nd3 0-1

[Event "33rd Zalakaros Open 2014"]
[Site "Zalakaros HUN"]
[Date "2014.05.27"]
[Round "5.30"]
[White "Szalanczy, Emil"]
[Black "Kantor, Gergely"]
[Result "1-0"]
[WhiteTitle "IM"]
[BlackTitle "FM"]
[WhiteElo "2266"]
[BlackElo "2380"]
[WhiteFideId "700347"]
[BlackFideId "751499"]
[EventDate "2014.05.23"]
[EventType "swiss"]

1. e4 c5 2. Nf3 e6 3. d4 cxd4 4. Nxd4 Nc6 5. Nc3 Qc7 6. Be3 a6 7. Qd2 Nf6 8. f4
Bb4 9. Bd3 Na5 10. O-O Nc4 11. Bxc4 Qxc4 12. Qe2 b5 13. e5 Bxc3 14. Qxc4 bxc4
15. exf6 Bxb2 16. Rab1 Ba3 17. fxg7 Rg8 18. Rfe1 Rxg7 19. Nf5 Rg8 20. Bd4 d5 21.
h3 Bf8 22. Ne3 Be7 23. f5 Kd8 24. Ng4 exf5 25. Nf6 Bxf6 26. Bxf6+ Kc7 27. Re7+
Bd7 28. Be5+ Kc6 29. Rxf7 Rae8 30. Bd4 Rg6 31. Kf2 Reg8 32. Rb6+ Kc7 33. Rxg6
hxg6 34. Be5+ Kc8 35. Ke3 Re8 36. Kd4 Kd8 37. Rg7 Re6 38. c3 Bc6 39. h4 Ke8 40.
Ra7 Re7 41. Rxa6 Kd7 42. g3 Re6 43. Ra7+ Kc8 44. Rg7 Kd8 45. Rh7 Ke8 46. Ra7 Re7
47. Ra6 Kd7 48. a4 Re6 49. Ra7+ Kc8 50. Rc7+ Kd8 51. a5 Bd7 52. Ra7 Bc6 53. a6
Kc8 54. Rg7 Be8 55. a7 Ra6 56. Bb8 Bc6 57. Rc7+ Kd8 58. Rxc6 1-0

[Event "33rd Zalakaros Open 2014"]
[Site "Zalakaros HUN"]
[Date "2014.05.27"]
[Round "5.31"]
[White "Vajda, Szidonia"]
[Black "Dankhazi, Andras"]
[Result "1/2-1/2"]
[WhiteTitle "IM"]
[WhiteElo "2352"]
[BlackElo "2203"]
[WhiteFideId "723894"]
[BlackFideId "714267"]
[EventDate "2014.05.23"]
[EventType "swiss"]

1. e4 e5 2. Nf3 Nc6 3. Bc4 Bc5 4. c3 Nf6 5. d3 O-O 6. Bb3 d5 7. Qe2 h6 8. Nbd2
a5 9. a4 Be6 10. O-O Re8 11. exd5 Bxd5 1/2-1/2

[Event "33rd Zalakaros Open 2014"]
[Site "Zalakaros HUN"]
[Date "2014.05.27"]
[Round "5.33"]
[White "Gara, Ticia"]
[Black "Juhasz, Barbara"]
[Result "1/2-1/2"]
[WhiteTitle "WGM"]
[BlackTitle "WFM"]
[WhiteElo "2338"]
[BlackElo "2161"]
[WhiteFideId "717444"]
[BlackFideId "743585"]
[EventDate "2014.05.23"]
[EventType "swiss"]

1. e4 e5 2. Nf3 Nc6 3. Bb5 a6 4. Ba4 Nf6 5. O-O Be7 6. Re1 b5 7. Bb3 d6 8. c3
O-O 9. h3 Na5 10. Bc2 c5 11. d4 cxd4 12. cxd4 Nc6 13. Nbd2 exd4 14. Nb3 Nb4 15.
Bb1 d3 16. Nbd4 Bb7 17. a3 Nc2 18. Nxc2 dxc2 19. Bxc2 Nd7 20. Bf4 Rc8 21. Qd2
Nc5 22. Rad1 Ne6 23. Be3 Bf6 24. Bb1 Be5 25. Nd4 Nxd4 26. Bxd4 Qf6 27. Ba2 Rfd8
28. Re2 Bxd4 29. Qxd4 Qxd4 30. Rxd4 Kf8 31. f3 Ke7 32. Kf2 f6 33. a4 Rc5 34.
Red2 Bc6 35. axb5 Bxb5 36. Ke3 g6 37. Rd5 Rxd5 38. Bxd5 Rc8 39. Kd4 Rc1 40. b3
Kd7 41. Ra2 Kc7 42. Bg8 1/2-1/2

[Event "33rd Zalakaros Open 2014"]
[Site "Zalakaros HUN"]
[Date "2014.05.27"]
[Round "5.34"]
[White "Havanecz, Bianka"]
[Black "Rigo, Janos"]
[Result "0-1"]
[BlackTitle "IM"]
[WhiteElo "2195"]
[BlackElo "2266"]
[WhiteFideId "704814"]
[BlackFideId "700371"]
[EventDate "2014.05.23"]
[EventType "swiss"]

1. c4 e6 2. Nc3 Nf6 3. Nf3 d5 4. d4 c6 5. Bg5 Be7 6. e3 Nbd7 7. Bd3 b6 8. O-O
dxc4 9. Bxc4 Bb7 10. Rc1 O-O 11. Qe2 a5 12. a4 h6 13. Bh4 Nd5 14. Bg3 N7f6 15.
Ne5 Nb4 16. f4 c5 17. Nb5 Ne4 18. Rfd1 Qc8 19. Bb3 Bd5 20. Bxd5 Nxd5 21. Be1 Qe8
22. b3 f6 23. Nc4 Rd8 24. Nc3 Nexc3 25. Bxc3 Qc6 26. Qf3 Rd7 27. Bb2 Rfd8 28. h3
b5 29. axb5 Qxb5 30. e4 Nb4 31. f5 exf5 32. Qxf5 Na2 33. Qe6+ Kh8 34. Rb1 cxd4
35. Nb6 Rd6 36. Qxe7 Qxb6 37. Rd3 R6d7 38. Qa3 Nb4 39. Rd2 d3+ 40. Kh1 Re7 41.
Re1 Rde8 42. Qa4 Nc2 43. Red1 Rxe4 44. Qd7 Re1+ 45. Rxe1 Rxe1+ 46. Kh2 Qg1+ 47.
Kg3 Qe3+ 48. Kh2 Qf4+ 0-1

[Event "33rd Zalakaros Open 2014"]
[Site "Zalakaros HUN"]
[Date "2014.05.27"]
[Round "5.35"]
[White "Hrbolka, Ladislav"]
[Black "Varga, Klara"]
[Result "1-0"]
[WhiteTitle "FM"]
[BlackTitle "WIM"]
[WhiteElo "2110"]
[BlackElo "2260"]
[WhiteFideId "300772"]
[BlackFideId "733210"]
[EventDate "2014.05.23"]
[EventType "swiss"]

1. d4 e6 2. g3 Nf6 3. Bg2 d5 4. Nf3 Be7 5. b3 c5 6. dxc5 Nbd7 7. Bb2 Nxc5 8. O-O
O-O 9. Nbd2 b6 10. c4 Bb7 11. Rc1 Rc8 12. cxd5 Bxd5 13. Nc4 b5 14. Ne3 Be4 15.
Bd4 a5 16. Qd2 Nd5 17. Rfd1 b4 18. Nxd5 Qxd5 19. Qb2 Rfd8 20. Rd2 Nd3 21. Rxd3
Rxc1+ 22. Qxc1 Bxd3 23. exd3 f6 24. Qc4 a4 25. Qxd5 Rxd5 26. Bf1 Kf7 27. Be3 a3
28. d4 Rd7 29. Bc4 Bd6 30. h4 h5 31. Kf1 Rc7 32. Nd2 Ke7 33. Ke2 Rc8 34. Kd3 Rg8
35. Ne4 Rd8 36. f4 Rd7 37. Bd2 Rb7 38. Be3 Rd7 39. Bb5 Rc7 40. Bd2 e5 41. fxe5
fxe5 42. Bg5+ Kf8 43. Bc4 Be7 44. d5 Bxg5 45. hxg5 Rf7 46. d6 Rf1 47. Bb5 Ra1
48. d7 Ke7 49. Nc5 e4+ 50. Ke3 Re1+ 51. Kd2 Ra1 52. Nb7 1-0

[Event "33rd Zalakaros Open 2014"]
[Site "Zalakaros HUN"]
[Date "2014.05.28"]
[Round "6.2"]
[White "Berkes, Ferenc"]
[Black "Horvath, Adam1"]
[Result "1-0"]
[WhiteTitle "GM"]
[BlackTitle "GM"]
[WhiteElo "2665"]
[BlackElo "2531"]
[WhiteFideId "718572"]
[BlackFideId "708003"]
[EventDate "2014.05.23"]

1. d4 Nf6 2. c4 e6 3. Nf3 Bb4+ 4. Bd2 a5 5. g3 d5 6. Bg2 dxc4 7. O-O O-O 8. Bg5
Nc6 9. e3 e5 10. a3 Be7 11. dxe5 Nd7 12. e6 fxe6 13. Bxe7 Qxe7 14. Nbd2 c3 15.
bxc3 e5 16. Ne4 Nb6 17. c4 Bf5 18. Nfd2 Rad8 19. Qb3 a4 20. Qc3 Qd7 21. Ra2 Qd3
22. Rc1 Qxc3 23. Rxc3 Na5 24. h3 Be6 25. Rac2 c6 26. Bf1 h6 27. Nc5 Bc8 28. Rb2
Rf7 29. Rd3 Rxd3 30. Bxd3 Na8 31. Kg2 Rf8 32. Nxa4 Rd8 33. Be2 Be6 34. Nc5 Bf7
35. Ncb3 Nxb3 36. Nxb3 b6 37. Nd2 Nc7 38. Nf3 1-0

[Event "33rd Zalakaros Open 2014"]
[Site "Zalakaros HUN"]
[Date "2014.05.28"]
[Round "6.3"]
[White "Jones, Gawain C B"]
[Black "Erdos, Viktor"]
[Result "1-0"]
[WhiteTitle "GM"]
[BlackTitle "GM"]
[WhiteElo "2645"]
[BlackElo "2651"]
[WhiteFideId "409561"]
[BlackFideId "719978"]
[EventDate "2014.05.23"]

1. e4 e5 2. Nf3 Nc6 3. Nc3 Nf6 4. d4 exd4 5. Nxd4 Bb4 6. Nxc6 bxc6 7. Bd3 O-O 8.
O-O Re8 9. Bg5 h6 10. Bh4 Rb8 11. Re1 d6 12. h3 Ba5 13. e5 Bxc3 14. bxc3 dxe5
15. Rxe5 Qd6 16. Ra5 Nd5 17. Bg3 Qf6 18. c4 Nc3 19. Qf1 Ne2+ 20. Bxe2 Rxe2 21.
Re1 Rxe1 22. Qxe1 Be6 23. Rxa7 Qd4 24. Ra4 Qb2 25. Qe4 Qb6 26. Be5 Re8 27. Ra3
Qc5 28. Rg3 g5 29. Bd4 Qd6 30. Qh4 Bxh3 1-0

[Event "33rd Zalakaros Open 2014"]
[Site "Zalakaros HUN"]
[Date "2014.05.28"]
[Round "6.4"]
[White "Horvath, Csaba"]
[Black "Beliavsky, Alexander G"]
[Result "0-1"]
[WhiteTitle "GM"]
[BlackTitle "GM"]
[WhiteElo "2560"]
[BlackElo "2620"]
[WhiteFideId "700118"]
[BlackFideId "14602377"]
[EventDate "2014.05.23"]

1. d4 Nf6 2. c4 g6 3. Nc3 Bg7 4. e4 d6 5. Be2 O-O 6. Bg5 c5 7. d5 h6 8. Bf4 e6
9. Nf3 exd5 10. cxd5 b5 11. Nxb5 Nxe4 12. Nd2 Re8 13. f3 Nxd2 14. Qxd2 Ba6 15.
O-O Nd7 16. Rae1 Rxe2 0-1

[Event "33rd Zalakaros Open 2014"]
[Site "Zalakaros HUN"]
[Date "2014.05.28"]
[Round "6.5"]
[White "Kovalenko, Igor"]
[Black "Medvegy, Zoltan"]
[Result "1-0"]
[WhiteTitle "GM"]
[BlackTitle "GM"]
[WhiteElo "2611"]
[BlackElo "2522"]
[WhiteFideId "14117908"]
[BlackFideId "708402"]
[EventDate "2014.05.23"]

1. d4 Nf6 2. c4 e6 3. Nf3 b6 4. a3 Bb7 5. Nc3 Ne4 6. Nxe4 Bxe4 7. Nd2 Bb7 8. e4
g6 9. Bd3 Bg7 10. Nf3 d6 11. Bg5 Qd7 12. O-O c5 13. d5 h6 14. Bc1 O-O 15. Rb1
Qe7 16. Bc2 Nd7 17. Ba4 e5 18. g3 Nf6 19. Re1 Nh5 20. b4 Rac8 21. Qd3 Qc7 22.
Nd2 Qe7 23. Bd1 Nf6 24. Nf1 Ba6 25. Ne3 Qd7 26. Kg2 b5 27. f3 bxc4 28. Qc3 Bb5
29. a4 Bxa4 30. Bxa4 Qxa4 31. b5 Rb8 32. Nxc4 Rfd8 33. Bd2 Rxb5 34. Ra1 Qb3 35.
Qc1 Rb7 36. Na5 Qb2 37. Nxb7 Qxb7 38. Qa3 Qe7 39. Qxa7 Rd7 40. Qb8+ Rd8 41. Qb6
Bf8 42. Ra7 Rd7 43. Rea1 Kg7 44. Rxd7 Nxd7 45. Qb7 Nf6 46. Qxe7 Bxe7 47. Ra8 Ng8
48. Ba5 Nf6 49. Kf2 g5 50. g4 h5 51. h3 h4 52. Bc7 Kg6 53. Bd8 1-0